[Event "Warsaw YMCA Autumn-B 191st"]
[Site "Warsaw"]
[Date "2017.11.28"]
[Round "11"]
[White "Mazurek, Jerzy"]
[Black "Kozlinski, Marcin"]
[Result "1-0"]
[WhiteElo "1600"]
[BlackElo "1615"]
[PlyCount "57"]
[EventDate "2017.09.19"]
[EventType "tourn"]
[EventRounds "13"]
[EventCountry "POL"]
[SourceTitle "EXT 2019"]
[Source "ChessBase"]
[SourceDate "2018.10.10"]
[SourceVersion "1"]
[SourceVersionDate "2018.10.10"]
[SourceQuality "1"]

1. e4 e6 2. d4 d5 3. Nc3 Nf6 4. Bg5 Be7 5. e5 Nfd7 6. Bxe7 Qxe7 7. f4 a6 8. Qg4 f5 9. exf6 Nxf6 10. Qh4 c5 11. Nf3 Nc6 12. 0-0-0 0-0 13. Kb1 b5 14. dxc5 Qxc5 15. Bd3 Nb4 16. g4 Nxd3 17. Rxd3 Bb7 18. Nd4 Rae8 19. Re1 Ne4 20. Nce2 Rf7 21. Nf3 Rc7 22. Rc1 b4 23. Ned4 Qb6 24. Ne5 a5 25. Rcd1 a4 26. Rh3 g5 27. Qh5 gxf4 28. Qxe8+ Kg7 29. Nxe6+ 1-0

[Event "Warsaw YMCA Autumn-C 176th"]
[Site "Warsaw"]
[Date "2016.11.02"]
[Round "7"]
[White "Mlynarski, Zbigniew"]
[Black "Kozlinski, Marcin"]
[Result "0-1"]
[WhiteElo "1644"]
[BlackElo "1589"]
[PlyCount "60"]
[EventDate "2016.09.20"]
[EventType "tourn"]
[EventRounds "13"]
[EventCountry "POL"]
[SourceTitle "EXT 2019"]
[Source "ChessBase"]
[SourceDate "2018.10.10"]
[SourceVersion "1"]
[SourceVersionDate "2018.10.10"]
[SourceQuality "1"]

1. e4 c5 2. Nf3 Nc6 3. d4 cxd4 4. Nxd4 g6 5. Be3 Bg7 6. Nc3 d6 7. Bc4 Nf6 8. f3 0-0 9. Qd2 Bd7 10. 0-0-0 a6 11. Nxc6 Bxc6 12. Bh6 b5 13. Bxg7 Kxg7 14. Be2 Qb6 15. h4 h5 16. Qg5 Rfc8 17. e5 dxe5 18. Qxe5 b4 19. Nb1 Ba4 20. b3 Rc5 21. Qb2 Bb5 22. Rd2 Bxe2 23. Rxe2 Rac8 24. Rd1 Qc7 25. Rd4 a5 26. Rde4 Kg8 27. Re5 Nd5 28. Rd2 e6 29. g3 Nc3 30. Rxc5 Qxc5 0-1

[Event "Wloclawek CC Classic 11th"]
[Site "Wloclawek"]
[Date "2014.??.??"]
[Round "4"]
[White "Augustowski, Janusz"]
[Black "Kozlinski, Marcin"]
[Result "1-0"]
[WhiteElo "1794"]
[BlackElo "1586"]
[PlyCount "103"]
[EventDate "2014.06.??"]
[EventType "swiss"]
[EventRounds "7"]
[EventCountry "POL"]
[SourceTitle "EXT 2021"]
[Source "ChessBase"]
[SourceDate "2020.10.23"]
[SourceVersion "1"]
[SourceVersionDate "2020.10.23"]
[SourceQuality "1"]

1. Nf3 d5 2. d4 Bf5 3. Bf4 e6 4. e3 Nf6 5. Bd3 Bg6 6. 0-0 Bd6 7. Bg3 0-0 8. Qe2 Nc6 9. c4 Nb4 10. Bxg6 hxg6 11. a3 Nc6 12. Nbd2 Ne7 13. Rfd1 Bxg3 14. hxg3 c6 15. Ne5 Nd7 16. Ndf3 Nxe5 17. Nxe5 f6 18. Nf3 Kf7 19. Rac1 Rh8 20. e4 dxc4 21. Qxc4 Rh5 22. g4 Rb5 23. Rd2 Qb6 24. Rcc2 Rd8 25. g5 Rb3 26. gxf6 gxf6 27. e5 Qb5 28. exf6 Kxf6 29. Ne5 Qxc4 30. Nxc4 Nf5 31. Rc3 Rb5 32. Rf3 Rbd5 33. Ne3 Rxd4 34. Rxd4 Rxd4 35. g4 Rd2 36. b4 Rd4 37. gxf5 gxf5 38. Kf1 Rd2 39. Ng4+ Ke7 40. Ne5 Rd5 41. Re3 a5 42. bxa5 Rxa5 43. Nc4 Rc5 44. Ne5 Rc2 45. Ke1 Rb2 46. Ng6+ Kf6 47. Ne5 Ke7 48. Nc4 Rc2 49. Na5 b6 50. Nb3 c5 51. Nd2 b5 52. Rb3 1-0

[Event "POL-chT3 Kujawsko Pomorskie 1314"]
[Site "Poland"]
[Date "2014.??.??"]
[Round "8.22"]
[White "Kozlinski, Marcin"]
[Black "Dudzinski, Maciej"]
[Result "1/2-1/2"]
[WhiteElo "1550"]
[BlackElo "1692"]
[PlyCount "98"]
[EventDate "2013.11.03"]
[EventType "team-tourn"]
[EventRounds "11"]
[EventCountry "POL"]
[SourceTitle "EXT 2015"]
[Source "ChessBase"]
[SourceDate "2014.11.20"]
[SourceVersion "1"]
[SourceVersionDate "2014.11.20"]
[SourceQuality "1"]
[WhiteTeam "Torun UKS OPP"]
[BlackTeam "Grudziadz Rotmistrz III"]
[WhiteTeamCountry "POL"]
[BlackTeamCountry "POL"]

1. d4 d5 2. c4 e6 3. Nc3 Nf6 4. Bg5 Be7 5. Nf3 0-0 6. e3 a6 7. a3 Nbd7 8. Qc2 h6 9. Bh4 Re8 10. cxd5 exd5 11. Bd3 c6 12. 0-0 Nh5 13. Bxe7 Qxe7 14. Na4 Nhf6 15. b4 Ne4 16. Nd2 Ndf6 17. Nxe4 dxe4 18. Be2 Bf5 19. Qc5 Nd5 20. Bc4 Be6 21. Bxd5 Bxd5 22. Nb6 Rad8 23. Qxe7 Rxe7 24. Rac1 f5 25. Rc5 Kf7 26. Rfc1 Ke6 27. a4 g6 28. b5 axb5 29. axb5 g5 30. bxc6 bxc6 31. Nxd5 cxd5 32. h3 Red7 33. Rc8 Rd6 34. R1c7 Rxc8 35. Rxc8 Kf6 36. Rf8+ Kg6 37. g4 fxg4 38. hxg4 Kg7 39. Rf5 Kg6 40. Kg2 h5 41. Kg3 h4+ 42. Kg2 Rd8 43. f4 exf3+ 44. Kxf3 Rd6 45. Re5 Rf6+ 46. Kg2 Rd6 47. Re8 Kf7 48. Re5 Kg6 49. Re8 Kg7 1/2-1/2

[Event "POL-chT3 Kujawsko Pomorskie 1213"]
[Site "Poland"]
[Date "2013.01.13"]
[Round "6.4"]
[White "Kozlinski, Marcin"]
[Black "Kulinski, Krzysztof"]
[Result "0-1"]
[WhiteElo "1630"]
[BlackElo "2084"]
[PlyCount "82"]
[EventDate "2012.11.04"]
[EventType "team-tourn"]
[EventRounds "11"]
[EventCountry "POL"]
[SourceTitle "EXT 2015"]
[Source "ChessBase"]
[SourceDate "2014.11.20"]
[SourceVersion "1"]
[SourceVersionDate "2014.11.20"]
[SourceQuality "1"]
[WhiteTeam "Torun UKS OPP"]
[BlackTeam "Wloclawek 1938"]
[WhiteTeamCountry "POL"]
[BlackTeamCountry "POL"]

1. d4 Nf6 2. c4 g6 3. Nc3 Bg7 4. e4 d6 5. g3 0-0 6. Bg2 e5 7. d5 a5 8. b3 Na6 9. Nge2 Nh5 10. 0-0 f5 11. f3 Bd7 12. a3 Nc5 13. Rb1 Qe7 14. Bd2 Rfb8 15. Qc2 Nf6 16. b4 axb4 17. axb4 Na4 18. Rfc1 Nb6 19. Na2 Ba4 20. Qb2 fxe4 21. fxe4 Bd7 22. c5 Na4 23. Qc2 dxc5 24. bxc5 Qxc5+ 25. Qxc5 Nxc5 26. Nec3 Nd3 27. Rc2 Bf8 28. Kf1 c5 29. Ke2 Nb4 30. Nxb4 cxb4 31. Nd1 Bb5+ 32. Ke1 Bd3 33. Rcb2 Bxb1 34. Rxb1 Ra2 35. Nb2 Rc8 36. Kd1 b3 37. Rc1 Rxc1+ 38. Bxc1 Ba3 39. Nc4 Bxc1 40. Kxc1 Rc2+ 41. Kb1 Rxc4 0-1

[Event "POL-chT3 Kujawsko Pomorskie 1314"]
[Site "Poland"]
[Date "2013.??.??"]
[Round "5.19"]
[White "Kozakiewicz, Gracjan"]
[Black "Kozlinski, Marcin"]
[Result "1-0"]
[WhiteElo "1577"]
[BlackElo "1550"]
[PlyCount "95"]
[EventDate "2013.11.03"]
[EventType "team-tourn"]
[EventRounds "11"]
[EventCountry "POL"]
[SourceTitle "EXT 2015"]
[Source "ChessBase"]
[SourceDate "2014.11.20"]
[SourceVersion "1"]
[SourceVersionDate "2014.11.20"]
[SourceQuality "1"]
[WhiteTeam "Bydgoszcz Hetman"]
[BlackTeam "Torun UKS OPP"]
[WhiteTeamCountry "POL"]
[BlackTeamCountry "POL"]

1. d4 Nf6 2. Bg5 g6 3. Nf3 Bg7 4. e3 d5 5. Bd3 0-0 6. 0-0 Be6 7. Qe2 Nbd7 8. Nbd2 c5 9. c4 dxc4 10. Nxc4 b5 11. Nce5 c4 12. Bc2 Nxe5 13. Nxe5 Rc8 14. Rfd1 Nd5 15. e4 Nb4 16. Nf3 Bg4 17. Be3 Bxf3 18. gxf3 Nxc2 19. Qxc2 a5 20. a3 Rc6 21. d5 Rc8 22. Bd4 Bxd4 23. Rxd4 e5 24. Rdd1 f5 25. d6 Rc6 26. Qd2 Rf7 27. Qd5 Rb6 28. Qxe5 fxe4 29. fxe4 Qh4 30. Qg3 Qxg3+ 31. hxg3 Rd7 32. e5 Kf7 33. Kg2 Ke6 34. f4 Rc6 35. Kf3 c3 36. Rac1 b4 37. axb4 axb4 38. bxc3 bxc3 39. Rc2 Rd8 40. Rd3 Rdc8 41. Ke4 Rc4+ 42. Rd4 R4c5 43. g4 Kd7 44. f5 Re8 45. e6+ Kd8 46. Ra4 gxf5+ 47. gxf5 Rc8 48. d7 1-0